00293nam a2200097Ia 4500008004100000040002900041050002300070100001900093245004700112260003600159221221s9999 xx 000 0 und d cChuka University Library aML 3470 bB73 2012 aBrabazon Tara  0aPOPULAR MUSIC :TOPICS, TRENDS&TRAJECTORIES aSage PublicationsbLodon c2012